[Event "Tourn. n8115"]
[Site "www.chess-mail.com"]
[Date "2015.07.20"]
[Round "1"]
[White "Emmanuelasi"]
[Black "Cathar"]
[WhiteElo "2340"]
[BlackElo "2230"]
[Result "0-1"]
[Round "1"]
1.e4 Ng8f6
2.d3 e5
3.c4 Bf8c5
4.g3 d6
5.h3 O-O
6.Bf1g2 Nb8c6
7.Ng1f3 Nf6e8
8.Bc1g5 f6
9.Bg5e3 Bc5xe3
10.fxe3 f5
11.exf5 Bc8xf5
12.e4 Bf5e6
13.O-O h6
14.Nb1c3 Ne8f6
15.Kh2 Nc6d4
16.Nc3d5 Nf6d7
17.Nf3g1 Rf8xf1
18.Qd1xf1 c6
19.Nd5e3 Qd8e7
20.Ne3f5 Qe7f8
21.Nf5xd4 exd4
22.Ng1f3 c5
23.Qf1e2 Qf8f6
24.Ra1f1 Ra8f8
25.a3 Nd7e5
26.Nf3xe5 Qf6xe5
27.Rf1xf8 Kxf8
28.Qe2f3 Ke7
29.b4 a6
30.Qf3f4 Qe5xf4
31.gxf4 b5
32.cxb5 axb5
33.Bg2f1 c4
34.dxc4 bxc4
35.Kg3 c3
36.Bf1d3 Be6b3
{ resign }
0-1

[Event "Tourn. n8072"]
[Site "www.chess-mail.com"]
[Date "2015.07.20"]
[Round "1"]
[White "Falcoale"]
[Black "Vasylpuzanov"]
[WhiteElo "1860"]
[BlackElo "2080"]
[Result "0-1"]
[Round "1"]
1.e4 c5
2.Ng1f3 d6
3.Bf1c4 e6
4.d4 cxd4
5.Nf3xd4 Ng8f6
6.Nb1c3 Bf8e7
7.O-O O-O
8.Bc4b3 Nb8a6
9.a3 Na6c5
10.Rf1e1 e5
11.Nd4f3 Nc5xb3
12.cxb3 Bc8e6
13.b4 a5
14.b5 h6
15.a4 Qd8c7
16.h3 b6
17.Bc1d2 Ra8c8
18.Ra1c1 Qc7b7
19.Qd1c2 Rf8d8
20.Qc2b1 Be7f8
21.Nf3h2 d5
22.exd5 Nf6xd5
23.Re1xe5 Nd5f6
24.Bd2e3 Bf8d6
25.Re5xe6 fxe6
26.Nc3e2 Rc8xc1
27.Qb1xc1 Qb7c7
28.Qc1xc7 Bd6xc7
29.Ne2c3 Nf6d5
30.Nh2f3 Nd5xc3
31.bxc3 Rd8d1
{ resign }
0-1

[Event "Tourn. n8248"]
[Site "www.chess-mail.com"]
[Date "2015.07.20"]
[Round "1"]
[White "Colchester"]
[Black "Maredocla"]
[WhiteElo "2040"]
[BlackElo "2060"]
[Result "0-1"]
[Round "1"]
1.d4 d5
2.Ng1f3 Nb8c6
3.Nb1c3 Ng8f6
4.g3 Bc8g4
5.Bf1g2 h6
6.O-O Qd8d7
7.Nf3e5 { time. }
0-1

[Event "Tourn. n8248"]
[Site "www.chess-mail.com"]
[Date "2015.07.20"]
[Round "1"]
[White "Maredocla"]
[Black "Luban"]
[WhiteElo "2060"]
[BlackElo "2040"]
[Result "0-1"]
[Round "1"]
1.g3 d5
2.Ng1f3 c5
3.Bf1g2 Nb8c6
4.d3 e5
5.b3 h6
6.Bc1b2 Bf8d6
7.Nb1c3 Ng8f6
8.O-O a6
9.a3 O-O
10.Nf3h4 Bc8e6
11.e3 Ra8c8
12.Rf1e1 b5
13.Nh4f3 Qd8d7
14.Bb2c1 c4
15.dxc4 dxc4
16.b4 Rf8d8
17.Nf3h4 Be6h3
18.Bg2xh3 { time. }
0-1

[Event "Tourn. n8248"]
[Site "www.chess-mail.com"]
[Date "2015.07.20"]
[Round "1"]
[White "Maredocla"]
[Black "Cristiano"]
[WhiteElo "2060"]
[BlackElo "2150"]
[Result "0-1"]
[Round "1"]
1.f4 d6
2.Ng1f3 g6
3.e3 Bf8g7
4.Bf1e2 Ng8f6
5.d4 b6
6.b3 Bc8b7
7.Bc1b2 Nb8d7
8.Nb1c3 O-O
9.O-O c5
10.dxc5 dxc5
11.a4 Nf6e4
12.Qd1e1 Nd7f6
13.Nc3xe4 Bb7xe4
14.Qe1c3 Nf6e8
15.Nf3e5 Ne8f6
16.Ra1d1 Qd8c8
17.Ne5g4 Qc8c6
18.Rd1d2 Ra8d8
19.Be2b5 Qc6e6
20.h3 { time. }
0-1

[Event "Tourn. n8247"]
[Site "www.chess-mail.com"]
[Date "2015.07.20"]
[Round "1"]
[White "Iko"]
[Black "Boyc"]
[WhiteElo "1480"]
[BlackElo "1669"]
[Result "1-0"]
[Round "1"]
1.e4 d6
2.d4 e5
3.d5 Ng8f6
4.Bc1g5 Bf8e7
5.Bf1b5 c6
6.Bb5c4 Nf6xe4
7.Bg5e3 O-O
8.f3 Qd8a5
9.c3 Ne4f6
10.Be3g5 Nb8d7
11.dxc6 bxc6
12.Ng1e2 d5
13.b4 Qa5b6
14.Bc4d3 e4
15.Bg5xf6 Nd7xf6
16.Bd3c2 exf3
17.gxf3 Rf8e8
18.a4 a5
19.b5 Be7d6
20.Rh1g1  { time }
1-0

[Event "Tourn. n8247"]
[Site "www.chess-mail.com"]
[Date "2015.07.20"]
[Round "1"]
[White "Boyc"]
[Black "Ruko"]
[WhiteElo "1669"]
[BlackElo "1680"]
[Result "0-1"]
[Round "1"]
1.e4 e5
2.Ng1f3 Nb8c6
3.Bf1b5 a6
4.Bb5a4 Ng8f6
5.O-O b5
6.Ba4b3 Bf8e7
7.Rf1e1 d6
8.c3 O-O
9.h3 Bc8e6
10.d4 exd4
11.cxd4 Nc6a5
12.Bb3c2 c6
13.Nb1c3 Rf8e8
14.b3 Na5b7
15.Qd1d3 g6
16.Bc1g5 Qd8c7
17.Ra1c1 Ra8c8
18.Qd3e3 Nf6h5
19.Bg5xe7 Qc7xe7
20.d5 cxd5
21.exd5 Qe7f6
22.dxe6 Re8xe6
23.Nc3d5 Qf6b2
24.Qe3h6 Rc8xc2
25.Rc1xc2 Qb2xc2
26.Re1xe6 fxe6
 { time }
0-1

[Event "Tourn. n8253"]
[Site "www.chess-mail.com"]
[Date "2015.07.20"]
[Round "1"]
[White "Farnation"]
[Black "Cirederf"]
[WhiteElo "1050"]
[BlackElo "999"]
[Result "1-0"]
[Round "1"]
1.e4 Ng8f6
2.Nb1c3 d5
3.exd5 Nf6xd5
4.Nc3e4 e5
5.Bf1c4 Bc8e6
6.Ng1f3 Bf8d6
7.Nf3g5  { time }
1-0

[Event "Tourn. n8053"]
[Site "www.chess-mail.com"]
[Date "2015.07.20"]
[Round "1"]
[White "Falcoale"]
[Black "Wegaman"]
[WhiteElo "1840"]
[BlackElo "1910"]
[Result "1/2-1/2"]
[Round "1"]
1.e4 e6
2.d4 d5
3.e5 c5
4.Ng1f3 Nb8c6
5.c3 Qd8b6
6.b3 cxd4
7.cxd4 Ng8e7
8.Bf1e2 Ne7f5
9.Bc1b2 Bf8e7
10.O-O O-O
11.Qd1d3 g6
12.Qd3d1 Bc8d7
13.h3 Rf8d8
14.g4 Nf5h4
15.Nb1d2 Nh4xf3
16.Nd2xf3 Be7f8
17.a3 Nc6a5
18.b4 Na5c4
19.Be2xc4 dxc4
20.Bb2c3 Bd7c6
21.Nf3e1 Bc6d5
22.Ne1c2 Qb6c6
23.f3 Bf8g7
24.Ra1b1 b5
25.Nc2e3 Qc6c7
26.Ne3xd5 exd5
27.f4 Qc7e7
28.f5 gxf5
29.Rf1xf5 Qe7h4
30.Kh2 Rd8e8
31.Qd1f1 Qh4e7
32.Rb1b2 a5
33.Rb2f2 Re8f8
34.Bc3d2 axb4
35.Bd2xb4 Qe7e6
36.Bb4xf8 Ra8xf8
37.Rf2b2 Qe6b6
38.Rb2f2 Qb6e6
39.Qf1b1 Qe6b6
40.Rf5h5 h6
41.g5 Qb6xd4
42.Qb1e1 Bg7xe5
43.Kg2 hxg5
44.Rh5xg5 Be5g7
45.Qe1c1 Qd4e4
{ draw }
1/2-1/2

[Event "Tourn. n8253"]
[Site "www.chess-mail.com"]
[Date "2015.07.20"]
[Round "1"]
[White "Cirederf"]
[Black "Culiflori"]
[WhiteElo "999"]
[BlackElo "999"]
[Result "0-1"]
[Round "1"]
1.d4 Ng8f6
2.c4 e6
3.Nb1c3 Bf8b4
4.a3 Bb4xc3
5.bxc3 b6
6.Bc1g5 Bc8b7
7.e3 d6
 { time }
0-1

[Event "Tourn. n7952"]
[Site "www.chess-mail.com"]
[Date "2015.07.20"]
[Round "1"]
[White "Szustan"]
[Black "Numanoid"]
[WhiteElo "2610"]
[BlackElo "2600"]
[Result "1/2-1/2"]
[Round "1"]
1.e4 Nb8c6
2.d4 d5
3.e5 f6
4.Ng1f3 Bc8g4
5.Bf1e2 Bg4xf3
6.Be2xf3 fxe5
7.dxe5 e6
8.O-O Nc6xe5
9.Bf3g4 Ne5xg4
10.Qd1xg4 Qd8d7
11.Rf1e1 Ng8f6
12.Re1xe6 Bf8e7
13.Qg4h3 Ra8d8
14.Bc1f4 O-O
15.Nb1d2 Nf6e4
16.Nd2xe4 Rf8xf4
17.Ne4d2 Be7c5
18.Nd2f3 Rd8f8
19.Ra1f1 Qd7a4
20.Re6e5 c6
21.c3 Rf4f6
22.a3 Qa4c2
23.b4 Bc5d6
24.Re5e3 Qc2g6
25.Rf1e1 a5
26.Kh1 Qg6c2
27.Re1f1 axb4
28.axb4 c5
29.Qh3d7 cxb4
30.Re3e6 Qc2d3
31.Rf1g1 Qd3a6
32.Re6xf6 Rf8xf6
33.Qd7e8 Bd6f8
34.cxb4 Qa6c6
35.Qe8e3 Bf8xb4
36.Rg1c1 Qc6d7
37.Qe3b3 Bb4f8
38.g3 Qd7f5
39.Kg2 Qf5e4
40.Rc1d1 Qe4c4
41.Qb3e3 b5
42.Rd1d4 Qc4c5
43.Qe3d3 Rf6d6
44.Nf3g5 g6
45.Qd3f3 Rd6d7
46.Ng5e6 Qc5d6
47.Ne6f4 Qd6e5
{ draw }
1/2-1/2

[Event "Tourn. n8179"]
[Site "www.chess-mail.com"]
[Date "2015.07.20"]
[Round "1"]
[White "Generalfree"]
[Black "Anja"]
[WhiteElo "1890"]
[BlackElo "1640"]
[Result "0-1"]
[Round "1"]
1.d4 Ng8f6
2.Nb1c3 g6
3.Bc1f4 d6
4.e4 Bc8g4
5.f3 Bg4d7
6.g4 Bf8g7
7.h3 O-O
8.e5 Nf6e8
9.Bf4g5 dxe5
10.dxe5 Bg7xe5
11.Nc3d5 Be5g3
12.Kd2 Bd7e6
13.Bg5h6 Qd8xd5
14.Bf1d3 Ne8g7
15.Kc1 Nb8c6
16.Ng1e2 Qd5xf3
17.Rh1f1 Bg3f2
18.Qd1d2 Qf3g2
19.Ne2f4 Qg2g3
20.Rf1xf2 Rf8d8
21.Qd2c3 Nc6d4
22.Rf2g2 Qg3f3
23.Qc3xc7 Qf3e3
24.Kd1 Nd4xc2
25.Qc7xc2 Ra8c8
26.Qc2b1 Be6c4
27.Bh6xg7 Bc4xd3
28.Nf4d5 Bd3xb1
{ resign }
0-1

[Event "Tourn. n8273"]
[Site "www.chess-mail.com"]
[Date "2015.07.20"]
[Round "1"]
[White "Julianlore"]
[Black "Liencam2"]
[WhiteElo "2180"]
[BlackElo "2280"]
[Result "1-0"]
[Round "1"]
1.e4 c5
2.Ng1f3 e6
3.d4 cxd4
4.Nf3xd4 a6
5.Nb1c3 Qd8c7
6.Bf1d3 b5
7.O-O Ng8f6
8.Qd1e2 b4
9.e5 bxc3
10.exf6 gxf6
11.bxc3 Bc8b7
12.Ra1b1 Rh8g8
13.g3 Nb8c6
14.Bd3xh7 Rg8h8
15.Bh7e4 Bf8h6
16.Bc1xh6 Rh8xh6
17.Nd4f5 exf5
18.Be4xc6 Kf8
19.Bc6xb7 Ra8b8
20.Qe2xa6 { resign }
1-0

[Event "Tourn. n8169"]
[Site "www.chess-mail.com"]
[Date "2015.07.20"]
[Round "1"]
[White "Capitaine"]
[Black "Jesmantiz"]
[WhiteElo "2340"]
[BlackElo "2240"]
[Result "1-0"]
[Round "1"]
1.d4 d6
2.c4 c6
3.Nb1c3 g6
4.e4 Bf8g7
5.Bc1e3 e6
6.Ng1f3 Ng8e7
7.Bf1d3 f6
8.O-O O-O
9.Qd1d2 Nb8a6
10.a3 Na6c7
11.Be3h6 e5
12.Bh6xg7 Kxg7
13.Ra1d1 Bc8g4
14.Bd3e2 Nc7e6
15.d5 Ne6f4
16.Nf3e1 Nf4xe2
17.Nc3xe2 cxd5
18.f3 Bg4d7
19.cxd5 g5
20.Ne2c3 Ne7g6
21.Ne1d3 Ra8c8
22.Rd1c1 a6
23.Rc1c2 h5
24.Rf1c1 f5
25.exf5 Bd7xf5
26.Nc3e4 Ng6f4
27.Nd3xf4 gxf4
28.Rc2xc8 Qd8b6
29.Rc8c5 Bf5xe4
30.Qd2a5 Qb6a7
31.Qa5c7 Rf8f7
32.Qc7xd6 Be4g6
33.Qd6xe5 Kh6
34.Kh1 Qa7b6
35.Rc5c7 Rf7f5
36.Qe5g7 Kg5
37.Rc7xb7 Qb6e3
38.Qg7e7 Kh6
39.Qe7xe3 fxe3
40.Rb7e7 Rf5xd5
41.Re7xe3 Kg5
42.b4 a5
43.Rc1c5 Rd5xc5
44.bxc5 Kf4
45.Re3e7 Bg6d3
46.c6 Bd3a6
47.c7 h4
{ time. }
1-0

[Event "Tourn. n8137"]
[Site "www.chess-mail.com"]
[Date "2015.07.20"]
[Round "1"]
[White "Mchess"]
[Black "Ditto"]
[WhiteElo "1620"]
[BlackElo "1710"]
[Result "0-1"]
[Round "1"]
1.c4 e6
2.d4 Ng8f6
3.Ng1f3 d5
4.e3 c5
5.cxd5 Nf6xd5
6.Bf1b5 Bc8d7
7.Bb5xd7 Qd8xd7
8.O-O c4
9.Nf3e5 Qd7c8
10.Qd1a4 Nb8c6
11.Qa4xc4 Bf8e7
12.Ne5xc6 bxc6
13.Nb1c3 Nd5f6
14.b3 O-O
15.Bc1b2 Qc8c7
16.h3 Rf8d8
17.Ra1c1 Ra8b8
18.Rf1d1 Be7d6
19.e4 Bd6h2
20.Kh1 Bh2f4
21.Rc1c2 Qc7b7
22.e5 Nf6d7
23.Nc3e2 Bf4g5
24.f4 Bg5h4
25.Qc4xc6 Qb7b4
26.Qc6c4 Qb4b7
27.Qc4c6 Qb7b4
28.Qc6c4 Qb4e7
29.d5 exd5
30.Qc4xd5 a6
31.Rc2c7 Rb8b5
32.Qd5d3 Qe7e6
33.Rc7xd7 Rd8xd7
34.Qd3xd7 Qe6xd7
35.Rd1xd7 Kf8
36.g3 Bh4e7
37.Rd7c7 Rb5d5
 { time }
0-1

[Event "Tourn. n8263"]
[Site "www.chess-mail.com"]
[Date "2015.07.20"]
[Round "1"]
[White "Crull"]
[Black "Wildtiger"]
[WhiteElo "1830"]
[BlackElo "1620"]
[Result "1-0"]
[Round "1"]
1.d4 Ng8f6
2.c4 e6
3.Bc1g5 Bf8e7
4.Ng1f3 Nb8c6
5.e3 Be7b4
6.Nb1c3 h6
7.Bg5h4 g5
8.Bh4g3 Nf6e4
9.Qd1b3 Qd8e7
10.Bf1d3 Ne4xg3
11.fxg3 a5
12.O-O a4
13.Nc3xa4 f5
14.Nf3e5 Nc6xe5
15.Bd3e2 h5
16.dxe5 b6
17.a3 Bb4c5
18.Na4xc5 Qe7xc5
19.Ra1c1 Bc8b7
20.Qb3d1 Qc5xe3
21.Kh1 h4
22.g4  { time }
1-0

[Event "Tourn. n8248"]
[Site "www.chess-mail.com"]
[Date "2015.07.20"]
[Round "1"]
[White "Luban"]
[Black "Cristiano"]
[WhiteElo "2040"]
[BlackElo "2150"]
[Result "1/2-1/2"]
[Round "1"]
1.d4 Ng8f6
2.c4 g6
3.Nb1c3 Bf8g7
4.Ng1f3 d6
5.h3 Nb8d7
6.Bc1f4 O-O
7.e3 a6
8.Bf1d3 c6
9.O-O Nd7b6
10.e4 Nf6h5
11.Bf4h2 Rf8e8
12.e5 Bg7f8
13.Nf3g5 Nh5g7
14.Qd1f3 f5
15.exf6 exf6
16.Ng5e4 f5
17.Ne4d2 Ng7e6
18.Nd2b3 Ne6g5
19.Qf3d1 a5
20.a4 Ng5e4
21.Bd3xe4 fxe4
22.Bh2xd6 Nb6xc4
23.Bd6xf8 Kxf8
24.Rf1e1 Nc4xb2
25.Qd1d2 Nb2c4
26.Qd2h6 Kg8
27.Nc3xe4 Bc8f5
28.Ne4g5 Re8xe1
29.Ra1xe1 Qd8c7
30.g4 Bf5c2
31.Nb3c5 b6
32.Nc5e4 Bc2xe4
33.Ng5xe4 Qc7g7
34.Qh6xg7 Kxg7
35.Re1c1 b5
36.axb5 cxb5
37.Ne4c3 b4
38.Nc3a4 Nc4d2
39.Kg2 Nd2b3
40.Rc1c4 Nb3d2
41.Rc4c2 Nd2b3
42.Rc2c4 Nb3d2
43.Rc4c2 { draw }
1/2-1/2

[Event "Tourn. n8265"]
[Site "www.chess-mail.com"]
[Date "2015.07.20"]
[Round "1"]
[White "Guidom"]
[Black "Fkarpov"]
[WhiteElo "2070"]
[BlackElo "2060"]
[Result "0-1"]
[Round "1"]
1.e4 c5
2.Ng1f3 g6
3.Nb1c3 Bf8g7
4.d4 cxd4
5.Nf3xd4 Qd8a5
6.Qd1d3 Nb8c6
7.Bc1e3 Nc6b4
8.Qd3d2 Ng8f6
9.a3 Nb4c6
10.Nd4xc6 dxc6
11.O-O-O Nf6g4
12.Be3d4 Bg7h6
13.f4 e5
14.h3 exd4
15.hxg4 dxc3
16.Qd2d6 cxb2
17.Kxb2 Bh6f8
18.Qd6d4 Bf8xa3
19.Kb1 O-O
20.Bf1d3 Bc8xg4
21.Rh1xh7 Kxh7
22.Rd1h1 Bg4h5
23.g4 Ra8d8
24.Qd4a1 Rd8xd3
25.cxd3 Rf8d8
26.gxh5 Qa5b4
27.Kc2 Qb4a4
28.Kd2 Ba3b4
29.Ke3 Bb4c5
30.Kd2 Qa4xe4
31.hxg6 Kxg6
32.Qa1f1 Qe4b4
33.Kc2 Qb4a4
34.Kd2 Qa4a2
35.Kd1 Bc5e3
36.Rh1g1 Kf6
37.Rg1g2 Qa2b1
38.Ke2 Qb1xd3
39.Ke1 Qd3d1
{ resign }
0-1

[Event "Tourn. n8265"]
[Site "www.chess-mail.com"]
[Date "2015.07.20"]
[Round "1"]
[White "Bojan"]
[Black "Guidom"]
[WhiteElo "1890"]
[BlackElo "2070"]
[Result "0-1"]
[Round "1"]
1.e4 e5
2.Ng1f3 Nb8c6
3.Bf1b5 a6
4.Bb5c4 d6
5.a3 Bf8e7
6.c3 Ng8f6
7.Nf3g5 O-O
8.b4 h6
9.Ng5f3 Nf6xe4
10.h3 d5
11.Bc4a2 Bc8f5
12.d3 Ne4f6
13.O-O Qd8d7
14.Nf3h2 d4
15.c4 e4
16.dxe4 Nf6xe4
17.Qd1f3 Ne4g5
18.Qf3f4 Be7f6
19.Bc1b2 Bf5xh3
20.Nb1d2 Bh3xg2
21.Kxg2 Qd7h3
22.Kh1 Bf6e5
23.Qf4xe5 Nc6xe5
24.f4 Qh3e3
25.Ra1d1 Ne5d3
26.Bb2a1 Nd3f2
27.Rf1xf2 Qe3xf2
28.fxg5 hxg5
29.Ba2b1 Rf8e8
30.Nd2f3 g4
31.Ba1xd4 Qf2g3
32.Rd1g1 Qg3h3
33.Rg1xg4 g6
34.Bd4c3 Re8e3
35.Nf3g5 Qh3h5
36.Bc3d2 Re3xa3
37.Ng5e4 Qh5f5
38.Rg4f4 Qf5e5
39.Nh2g4 Qe5b2
40.Ng4f6 Kg7
41.Rf4f1 Ra8h8
42.Kg2 Qb2e5
43.Bd2f4 Qe5e6
44.c5 Qe6h3
45.Kf2 Ra3f3
46.Ke2 Qh3xf1
{ resign }
0-1

[Event "Tourn. n8265"]
[Site "www.chess-mail.com"]
[Date "2015.07.20"]
[Round "1"]
[White "Fkarpov"]
[Black "Bojan"]
[WhiteElo "2060"]
[BlackElo "1890"]
[Result "1-0"]
[Round "1"]
1.d4 g6
2.c4 Bf8g7
3.e3 b6
4.Ng1f3 e6
5.Bf1e2 Qd8e7
6.O-O Bc8b7
7.Nb1c3 Ng8f6
8.Qd1d3 d5
9.cxd5 Nf6xd5
10.Bc1d2 Nb8d7
11.Rf1c1 O-O
12.Nc3xd5 Bb7xd5
13.e4 Bd5b7
14.Rc1xc7 Ra8b8
15.Qd3b5 Rf8d8
16.Bd2g5 f6
17.Bg5f4 a6
18.Qb5xb6 Bb7xe4
19.Rc7xd7 e5
20.Rd7xd8 Rb8xd8
21.Be2c4 Kh8
22.Ra1e1 exf4
23.Re1xe4 Qe7f8
24.Qb6xa6 g5
25.b3 Rd8a8
26.Qa6b5 Ra8xa2
27.Re4e8 { resign }
1-0

[Event "Tourn. n8223"]
[Site "www.chess-mail.com"]
[Date "2015.07.20"]
[Round "1"]
[White "Xkafi"]
[Black "Churrasca"]
[WhiteElo "1960"]
[BlackElo "2100"]
[Result "0-1"]
[Round "1"]
1.e4 c5
2.Bf1c4 Nb8c6
3.c3 e6
4.f4 d5
5.exd5 exd5
6.Bc4b5 Bc8d7
7.Ng1f3 Qd8b6
8.Qd1e2 Bf8e7
9.Nb1a3 a6
10.Bb5d3 Ng8f6
11.Bd3c2 O-O
12.O-O Rf8e8
13.Qe2f2 Nf6g4
14.Qf2g3 c4
15.Kh1 Be7c5
16.h3 Bc5f2
17.Rf1xf2 Ng4xf2
18.Kh2 Re8e2
19.Qg3h4 g6
20.Nf3g5 h5
21.Ng5f3 Bd7xh3
22.Qh4g5 Bh3xg2
23.Bc2xg6 Nf2g4
{ resign }
0-1

[Event "Tourn. n8225"]
[Site "www.chess-mail.com"]
[Date "2015.07.20"]
[Round "1"]
[White "Sonivano"]
[Black "Seger"]
[WhiteElo "2320"]
[BlackElo "2670"]
[Result "0-1"]
[Round "1"]
1.e4 c5
2.Ng1f3 d6
3.d4 cxd4
4.Nf3xd4 Nb8c6
5.Bf1b5 Bc8d7
6.O-O g6
7.Bc1e3 Ng8f6
8.Nb1c3 Bf8g7
9.h3 O-O
10.Qd1d2 Nc6xd4
11.Bb5xd7 Nd4f3
12.gxf3 Qd8xd7
13.Kg2 Nf6h5
14.Ra1d1 Rf8c8
15.Nc3e2 Bg7xb2
16.c3 Bb2a3
17.Ne2g3 Nh5xg3
18.fxg3 Rc8c4
19.Rd1b1 Qd7c6
20.Rb1b3 Ba3c5
21.Rf1b1 Bc5xe3
22.Qd2xe3 b6
23.Rb3a3 Ra8c8
24.Rb1c1 a5
25.Kf2 a4
26.Qe3g5 f5
27.exf5 Qc6c5
28.Kg2 Qc5xa3
29.fxg6 Qa3xa2
{ resign }
0-1

[Event "Tourn. n8154"]
[Site "www.chess-mail.com"]
[Date "2015.07.20"]
[Round "1"]
[White "Samael"]
[Black "Tomasseeber"]
[WhiteElo "2110"]
[BlackElo "2190"]
[Result "0-1"]
[Round "1"]
1.Ng1f3 Ng8f6
2.Nb1c3 h6
3.e4 d5
4.exd5 Nf6xd5
5.Nc3xd5 Qd8xd5
6.Bf1e2 e5
7.d3 Bf8c5
8.O-O O-O
9.h3 Nb8c6
10.b3 Bc8f5
11.Bc1b2 Ra8d8
12.Rf1e1 Rf8e8
13.Nf3d2 Nc6d4
14.Nd2f3 Nd4xe2
15.Qd1xe2 e4
16.dxe4 Bf5xe4
17.Ra1d1 Be4xf3
18.Qe2xe8 Rd8xe8
19.Re1xe8 Kh7
20.Rd1xd5 Bf3xd5
21.Re8e5 c6
22.c4 Bc5d6
23.Re5e2 Bd5e6
24.Bb2e5 Bd6c5
25.Kf1 Be6f5
26.Re2d2 Bc5e7
27.g4 Bf5e6
28.f4 f5
29.Rd2g2 g6
30.Ke2 Kg8
31.Kf3 Kf7
32.Rg2d2 a6
33.Be5d6 Be7f6
34.Rd2g2 Bf6d8
35.Bd6c5 Bd8c7
36.Bc5e3 Bc7d8
37.g5 h5
 { time }
0-1

[Event "Tourn. n8152"]
[Site "www.chess-mail.com"]
[Date "2015.07.20"]
[Round "1"]
[White "Hali"]
[Black "Wrightdjohn"]
[WhiteElo "2150"]
[BlackElo "2160"]
[Result "0-1"]
[Round "1"]
1.e4 e6
2.d4 d5
3.Nb1c3 Ng8f6
4.Bc1g5 Bf8e7
5.e5 Nf6d7
6.h4 Be7xg5
7.hxg5 Qd8xg5
8.Ng1h3 Qg5e7
9.Qd1g4 g6
10.Nh3g5 f5
11.Qg4f4 a6
12.Rh1h6 Nb8c6
13.O-O-O Nd7f8
14.g4 Bc8d7
15.gxf5 gxf5
16.Bf1e2 O-O-O
17.Rh6f6 Nf8g6
18.Qf4g3 Rd8f8
19.Rf6xf8 Qe7xf8
20.f4 h6
21.Ng5xe6 Bd7xe6
22.Qg3xg6 Qf8f7
23.Rd1g1 Rh8g8
24.Qg6xg8 Qf7xg8
25.Rg1xg8 Be6xg8
26.Be2f3 Nc6xd4
27.Bf3xd5 Bg8xd5
28.Nc3xd5 Kd7
29.Kd2 c6
30.c3 Nd4f3
31.Ke3 Nf3h4
32.Nd5f6 Ke6
33.Nf6g8 Kf7
34.Ng8f6 Ke7
35.Nf6h5 Kf7
36.Kd4 Ke7
37.Kc5 Kd7
38.Kb6 Kc8
39.Nh5g7 Nh4g6
40.Ng7xf5 h5
41.e6 Ng6xf4
42.Nf5d6 Kd8
43.Nd6xb7 Ke7
44.Nb7c5 h4
45.Kxa6 h3
46.Nc5e4 h2
47.Ne4f2 Kxe6
48.a4 Nf4d3
49.Nf2h1 Nd3xb2
50.Ka5 Kd5
51.Kb4 Nb2xa4
52.Kxa4 Ke4
{ resign }
0-1

[Event "Tourn. n8155"]
[Site "www.chess-mail.com"]
[Date "2015.07.20"]
[Round "1"]
[White "Karousek"]
[Black "Rons"]
[WhiteElo "2280"]
[BlackElo "2540"]
[Result "0-1"]
[Round "1"]
1.Ng1f3 Ng8f6
2.c4 c5
3.d4 cxd4
4.Nf3xd4 e6
5.Nb1c3 Bf8b4
6.g3 O-O
7.Bf1g2 d5
8.Qd1b3 Bb4xc3
9.bxc3 dxc4
10.Qb3xc4 e5
11.Nd4b5 a6
12.Nb5c7 Ra8a7
13.Nc7d5 Nf6xd5
14.Qc4xd5 Qd8c7
15.O-O b5
16.Bc1a3 Rf8d8
17.Qd5c5 Bc8e6
18.Qc5e3 Nb8d7
19.Rf1d1 Nd7b6
20.Qe3xe5 Qc7c8
21.Ba3c5 Nb6c4
22.Rd1xd8 Qc8xd8
23.Qe5h5 Ra7d7
24.Bc5d4 h6
25.e3 Qd8b8
26.a4 bxa4
27.Bg2c6 a3
28.Bc6xd7 Be6xd7
29.Qh5e2 Qb8b2
30.Ra1e1 Bd7e6
31.f4 f6
32.Qe2h5 Qb2d2
33.Re1d1 Qd2c2
34.Rd1f1 Be6f5
35.Qh5d1 Qc2xd1
36.Rf1xd1 a2
37.Rd1a1 Bf5b1
38.Kf2 Nc4d2
 { time }
0-1

[Event "Tourn. n8190"]
[Site "www.chess-mail.com"]
[Date "2015.07.20"]
[Round "1"]
[White "Jaroslavpech"]
[Black "Gorgo"]
[WhiteElo "2390"]
[BlackElo "2400"]
[Result "0-1"]
[Round "1"]
1.e4 c5
2.Ng1f3 d6
3.d4 cxd4
4.Nf3xd4 Ng8f6
5.Nb1c3 a6
6.Bc1e3 Nf6g4
7.Be3g5 h6
8.Bg5h4 g5
9.Bh4g3 Bf8g7
10.Bf1e2 h5
11.Be2xg4 Bc8xg4
12.f3 h4
13.Bg3f2 Bg4d7
{ time. }
0-1

[Event "Tourn. n8166"]
[Site "www.chess-mail.com"]
[Date "2015.07.20"]
[Round "1"]
[White "Passaroa25"]
[Black "Louis"]
[WhiteElo "1550"]
[BlackElo "1700"]
[Result "0-1"]
[Round "1"]
1.e4 e5
2.Ng1e2 Ng8f6
3.d3 h6
4.f3 d5
5.Ne2g3 dxe4
6.dxe4 Nb8c6
7.c3 Qd8xd1
8.Kxd1 Bf8c5
9.Nb1d2 O-O
10.Bf1e2 Rf8d8
11.b4 Bc5b6
12.Bc1b2 a6
13.Kc2 Bb6e3
14.Ng3f1 Be3xd2
15.Nf1xd2 Bc8e6
16.Be2c4 Be6xc4
17.Nd2xc4 b5
18.Rh1d1 bxc4
19.a4 Rd8xd1
20.Ra1xd1 Ra8d8
21.Rd1xd8 Nc6xd8
22.b5 axb5
23.a5 Nd8c6
24.a6 Nf6d7
25.h4 h5
26.Bb2a3 Nd7b8
27.g4 g6
28.g5 Nb8xa6
29.Kd2 b4
30.cxb4 Na6xb4
31.Ba3xb4 Nc6xb4
32.Kc3 Nb4d3
33.Kxc4 Nd3e1
34.Kd5 Ne1xf3
35.Kc6 Kf8
36.Kd5 Ke7
37.Kc5 Nf3xh4
38.Kd5 Nh4f3
{ resign }
0-1

[Event "Tourn. n8166"]
[Site "www.chess-mail.com"]
[Date "2015.07.20"]
[Round "1"]
[White "Cyrilgeorge"]
[Black "Passaroa25"]
[WhiteElo "1429"]
[BlackElo "1550"]
[Result "1-0"]
[Round "1"]
1.d4 d5
2.e3 Nb8d7
3.Bf1d3 Nd7b6
4.Ng1f3 Bc8e6
5.O-O f6
6.b3 Be6f7
7.Nb1d2 c6
8.c4 e6
9.c5 Nb6d7
10.a4 a6
11.b4 Ng8e7
12.Qd1e2 Qd8c8
13.Nd2b3 Ne7g6
14.Bd3xg6 Bf7xg6
15.Qe2d2 Bf8e7
16.Bc1b2 O-O
17.b5 Nd7b8
18.bxc6 Nb8xc6
19.Bb2c3 Bg6f7
20.Nb3a5 Bf7e8
21.Na5xc6 Be8xc6
22.Bc3a5 Be7d8
23.Rf1b1 Bd8xa5
24.Qd2xa5 Qc8d8
25.Qa5xd8 Rf8xd8
26.a5 Ra8b8
27.Rb1b6 Rd8e8
28.Ra1e1 h5
29.h4 Bc6b5
30.Nf3d2 Re8c8
31.Rb6xe6 Bb5c6
32.e4 Rc8e8
33.Re6xe8 Rb8xe8
34.f3 g6
35.Kf2 dxe4
36.Nd2xe4 Re8e6
37.Ne4d6 Re6xe1
38.Kxe1 g5
39.Nd6f5 g4
40.Kf2 gxf3
41.gxf3 Kf7
42.Ke3 Bc6d5
43.Nf5d6 Ke6
44.Kf4 Bd5b3
45.Nd6xb7 Bb3d5
46.Nb7d8 Kd7
47.Kf5 Kxd8
48.Kxf6 Bd5xf3
49.Ke5 Kd7
50.d5 Bf3d1
51.c6 Kc7
52.Kd4 Bd1a4
53.Kc5 Kd8
54.d6 Ba4b5
55.Kb6 Ke8
56.c7 Bb5d7
57.Kxa6 Bd7c8
58.Kb6 Kd7
59.Kc5 Bc8b7
60.Kb6 Kxd6
61.Kxb7 Ke5
62.c8Q Kd5
63.Qc8f5 Kc4
64.a6 { resign }
1-0

[Event "Tourn. n8276"]
[Site "www.chess-mail.com"]
[Date "2015.07.20"]
[Round "1"]
[White "Neo"]
[Black "Mitja"]
[WhiteElo "1720"]
[BlackElo "1660"]
[Result "0-1"]
[Round "1"]
1.e3 d5
2.d4 e6
3.g3 a6
4.Bf1g2 c6
5.Ng1e2 Ng8f6
6.O-O Bf8d6
7.b3 Bd6c7
8.Bc1b2 b6
9.Ne2f4 a5
10.a4 O-O
11.Nb1a3 Nb8a6
12.Qd1d3 Na6b4
13.Qd3d2 Bc8b7
14.c3 Nb4a6
15.Na3c2 Nf6g4
16.Qd2d1 Ng4h6
17.Qd1h5 Bc7xf4
18.exf4 Na6c7
19.Rf1e1 Nc7e8
20.Nc2e3 Ne8f6
21.Qh5d1 Nf6e4
22.Ne3g4 Nh6xg4
23.Qd1xg4 Ne4f6
24.Qg4f3 Ra8b8
25.c4 dxc4
26.bxc4 Rf8e8
27.d5 exd5
28.Re1xe8 Qd8xe8
29.Bb2xf6 gxf6
30.Qf3g4 Kh8
31.cxd5 cxd5
32.f5 Bb7a8
33.Ra1d1 Rb8d8
34.Rd1d4 Ba8c6
35.Bg2f3 b5
36.axb5 Bc6xb5
37.Bf3xd5 Qe8e1
38.Kg2 Qe1f1
39.Kf3 Bb5e2
40.Kf4 Be2xg4
41.Kxg4 Qf1xf2
42.Rd4d3 Rd8g8
43.Kh4 Qf2xh2

0-1

[Event "Tourn. n8276"]
[Site "www.chess-mail.com"]
[Date "2015.07.20"]
[Round "1"]
[White "Mitja"]
[Black "Bojan"]
[WhiteElo "1660"]
[BlackElo "1890"]
[Result "1-0"]
[Round "1"]
1.d4 g6
2.e3 Bf8g7
3.Ng1f3 d6
4.h3 b6
5.Bf1b5 c6
6.Bb5a4 Bc8a6
7.c3 b5
8.Ba4b3 Ng8f6
9.Nf3g5 e6
10.Nb1d2 Nb8d7
11.e4 h6
12.Ng5f3 Qd8e7
13.O-O b4
14.Rf1e1 bxc3
15.bxc3 Nf6h7
16.Bb3c4 Ba6xc4
17.Nd2xc4 d5
18.exd5 cxd5
19.Nc4e5 O-O
20.Ne5xd7 Qe7xd7
21.Nf3e5 Qd7d6
22.Bc1d2 Nh7f6
23.f3 Rf8c8
24.Qd1c1 Nf6d7
25.Ne5xd7 Qd6xd7
26.Ra1b1 Ra8b8
27.Rb1xb8 Rc8xb8
28.Bd2xh6 Qd7e7
29.Qc1e3 Qe7a3
30.Bh6xg7 Kxg7
31.Qe3e5 Kh7
32.Qe5xb8 Qa3xa2
33.Qb8f8 Qa2d2
34.Qf8xf7 Kh6
35.Qf7xe6 Qd2xc3
36.Qe6e3 { resign }
1-0

[Event "Tourn. n8185"]
[Site "www.chess-mail.com"]
[Date "2015.07.20"]
[Round "1"]
[White "Dorulristea"]
[Black "Stepanpech"]
[WhiteElo "2860"]
[BlackElo "2410"]
[Result "0-1"]
[Round "1"]
1.e4 c6
2.d4 d5
3.Nb1c3 dxe4
4.Nc3xe4 Bc8f5
5.Ne4g3 Bf5g6
6.h4 h6
7.Ng1f3 Nb8d7
8.h5 Bg6h7
9.Bf1d3 Bh7xd3
10.Qd1xd3 e6
11.Bc1f4 Qd8a5
12.Bf4d2 Qa5c7
13.O-O-O Ng8f6
14.Ng3e4 O-O-O
15.g3 Nf6xe4
16.Qd3xe4 Bf8d6
17.c4 c5
18.Bd2c3 cxd4
19.Qe4xd4 Bd6c5
20.Qd4xg7 Bc5xf2
21.Nf3d4 Qc7xc4
22.Qg7xf7 Bf2xd4
23.Rd1xd4 Qc4xa2
24.Rh1d1 Rh8f8
25.Qf7e7 Rf8f2
 { time }
0-1

[Event "Tourn. n8185"]
[Site "www.chess-mail.com"]
[Date "2015.07.20"]
[Round "1"]
[White "Woodpusher2"]
[Black "Dorulristea"]
[WhiteElo "2600"]
[BlackElo "2860"]
[Result "1/2-1/2"]
[Round "1"]
1.e4 e5
2.Ng1f3 Nb8c6
3.Nb1c3 Ng8f6
4.d4 exd4
5.Nf3xd4 Bf8b4
6.Nd4xc6 bxc6
7.Bf1d3 O-O
8.O-O d5
9.exd5 cxd5
10.h3 Rf8e8
11.Qd1f3 c6
12.Bc1f4 Bb4d6
13.Rf1e1 Bc8e6
14.Nc3e2 Bd6xf4
15.Ne2xf4 Qd8b6
16.b3 Be6d7
17.c4 d4
18.c5 Qb6xc5
19.Re1d1 Qc5d6
20.Bd3c4 Re8f8
21.Ra1c1 Ra8e8
22.Nf4h5 Nf6xh5
23.Qf3xh5 Re8e5
24.Qh5h4 c5
25.b4 g5
26.bxc5 Re5xc5
27.Qh4xd4 Qd6xd4
28.Rd1xd4 Bd7e6
29.Rc1c2 Rf8a8
30.h4 h6
31.hxg5 hxg5
32.Bc4b3 { draw }
1/2-1/2